La ralea
Na minha lista:
| Autor principal: | |
|---|---|
| Formato: | Livro |
| Idioma: | espanhol |
| Publicado em: |
Buenos Aires
Centro editor de America Latina
1969
|
| Edição: | 1a. ed |
| Colecção: | Biblioteca Básica Universal
|
| Assuntos: | |
| Tags: |
Adicionar Tag
Sem tags, seja o primeiro a adicionar uma tag!
|
MARC
| LEADER | 00000cam a2200000 a 4500 | ||
|---|---|---|---|
| 001 | UCE7249 | ||
| 003 | CL-VaPUC | ||
| 008 | 150529e19690000ag |||||||||||||||||spa|d | ||
| 082 | 0 | 4 | |a 843 |b ZOL |2 21 |
| 100 | 0 | |a Zola, Emile |e author |9 316220 | |
| 245 | 1 | 3 | |a La ralea |
| 250 | |a 1a. ed | ||
| 300 | |a 259 p | ||
| 942 | |c BK | ||
| 945 | |d 20150529 15:00:00 |a gsalatino | ||
| 260 | |a Buenos Aires |b Centro editor de America Latina |c 1969 | ||
| 650 | 0 | |a Literatura francesa |9 266330 | |
| 650 | 0 | |a Historia y crítica |9 257407 | |
| 583 | |a last modification |c 20150602 11:10:21 |k Rodrigo Vera | ||
| 490 | 0 | |a Biblioteca Básica Universal | |
| 999 | |c 359350 |d 359348 | ||
| 952 | |0 0 |1 0 |3 erb |4 0 |6 843_000000000000000_ZOL_1969 |7 0 |8 A |9 468509 |a BIBEDU |b BIBEDU |e Villagrán Garnham, Jorge |i 5176182 |o 843 ZOL 1969 |p 5176182 |r 2019-11-23 |w 2019-11-23 |y BK |z Catalogado en:20150529 |k LIT | ||